| 000 | 01128cam a22003011i 4500 | ||
|---|---|---|---|
| 003 | SA-RiAUC | ||
| 005 | 20241109090501.0 | ||
| 008 | 241109s1995 su g b 000 0 ara c | ||
| 020 | _a9960202070 | ||
| 040 |
_aSA-RiAUC _bara _cSA-RiAUC _erda |
||
| 050 | 4 | _b.S53 1995 | |
| 082 | 0 | 4 |
_a227 _qSA-RiAUC |
| 090 |
_a227 _bش ا ي |
||
| 100 | 1 |
_aالشايع، محمد عبد الرحمن صالح، _d1373 هجري- _eمؤلف. |
|
| 245 | 1 | 0 |
_aأسباب اختلاف المفسرين / _cتأليف محمد بن عبد الرحمن بن صالح الشايع. |
| 250 | _aالطبعة الأولى. | ||
| 264 | 1 |
_aالرياض : _bمكتبة العبيكان، _c1995 |
|
| 300 |
_a150 صفحة ؛ _c24 سم |
||
| 336 |
_aنص _btxt _2rdacontent _3كتاب |
||
| 337 |
_aبدون وسيط _bn _2rdamedia |
||
| 338 |
_aمجلد _bnc _2rdacarrier |
||
| 504 | _aيشتمل على إرجاعات ببليوجرافية. | ||
| 504 | _aببليوجرافية : صفحة 141-147. | ||
| 630 | 2 | 7 |
_aالقرآن _xتفسير _2aucut |
| 730 | 2 | 2 | _aالقرآن |
| 942 |
_2ddc _cBOOK |
||
| 949 |
_aSA-JeALM _d241109 _ukhaled123 _n1 |
||
| 999 |
_c2195 _d2195 |
||